Представление документа в формате RUSMARC

ПолеНазваниеЗначение
  Тип записи a
  Библиографический уровень m
001 Контрольный номер RU/SLIB/B/208709205
005 Дата корректировки 20241023145357.8
010 Индекс ISBN __
d Цена 26-00
101 Язык документа __
a Язык текста rus
c Язык оригинала rus
200 Заглавие и сведения об ответственности 0_
a Заглавие Как закрывался занавес
f Первые сведения об ответственности А. Шапиро
b Общее обозначение материала Текст
210 Выходные данные __
a Место издания М.
c Издательство Новое лит. обозрение
d Дата издания 1999
215 Физическое описание __
a Объем 350 с.
606 Тематические рубрики __
a Основная рубрика Музыка и зрелищные искусства
y Географическая подрубрика Россия
606 Тематические рубрики __
a Основная рубрика Драматический театр
610 Ключевые слова __
a Ключевые слова актеры; режиссеры; театральная самодеятельность; молодежные театры; драматический театр
686 Индексы других классификаций __
2 Код системы rubbks
a Классификационный индекс 85.334.3(2)6
700 Автор _1
a Фамилия Шапиро
b Имя А.
4 Код отношения 070
801 Источник записи _0
a Страна RU
b Организация Муниципальное бюджетное учреждение культуры "Централизованная библиотечная система" г. Сургут (Центральная городская библиотека им. А. С. Пушкина)
g Правила каталогизации ОБ/Бутенко
801 Источник записи _1
a Страна RU
b Организация Муниципальное бюджетное учреждение культуры "Централизованная библиотечная система" г. Сургут (Центральная городская библиотека им. А. С. Пушкина)
g Правила каталогизации ОБ/Бутенко
852 Данные о местонахождении __
j Шифр хранения 85.334.3(2)6
c Каталожный индекс 85.334.3(2)6
i Авторский знак Ш 23
p Инвентарный номер 76660
901 Тип документа __
t Тип документа m
903 Характеристики (МАРС) __
a Дата передачи 20000621
990 Данные о заказе (DOS) 00
j Количество экземпляров (DOS) 2
t N записи в КСУ для И/У (DOS) 200001